[Event "Sligo Championship 2024"]
[Site "Enniscrone IRL"]
[Date "2024.02.03"]
[Round "3.5"]
[White "Campbell, Andrew"]
[Black "Taaffe, Paul"]
[Result "1/2-1/2"]
[WhiteElo "1600"]
[BlackElo "1764"]
[BlackICU "1490"]
[BlackClub "Malahide"]
[WhiteNationality "IRL"]
[BlackNationality "IRL"]
[WhiteFideId "2518392"]
[BlackFideId "2503549"]
[PlyCount "73"]
[EventSection "2/4"]
[EventDate "2024.02.02"]

{ Event information: <a
href="https://www.irlchess.com/sligo-cship2024_allfiles/pairings_sligo-cship2024.html">Tournament
report</a>. }

1. d4 d5 2. Bf4 c6 3. Nc3 Nf6 4. e3 Bf5 5. Bd3 Bxd3 6. cxd3 e6 7. Nf3 Be7
8. Ne5 O-O 9. Qf3 Qa5 10. O-O c5 11. dxc5 Bxc5 12. d4 Be7 13. g4 Nfd7 14.
g5 Nxe5 15. dxe5 Nc6 16. h4 d4 17. exd4 Nxd4 18. Qg4 Nf5 19. h5 Qb4 20. f3
Bc5+ 21. Kh1 Ne3 22. Bxe3 Qxg4 23. fxg4 Bxe3 24. g6 Bd4 25. gxf7+ Rxf7 26.
Rxf7 Kxf7 27. Rd1 Bxe5 28. Rd7+ Kf8 29. Ne4 Rc8 30. Rxb7 Rc1+ 31. Kg2 Rc2+
32. Kf3 h6 33. Rxa7 Bxb2 34. a4 Bd4 35. Ra8+ Ke7 36. a5 Ra2 37. Ra6 1/2-1/2

[Event "Sligo Championship 2024"]
[Site "Enniscrone IRL"]
[Date "2024.02.03"]
[Round "3.6"]
[White "Donohoe, Eugene"]
[Black "Bermingham, Adam"]
[Result "0-1"]
[WhiteElo "1581"]
[BlackElo "1676"]
[WhiteICU "1416"]
[BlackICU "1128"]
[WhiteClub "Lucan"]
[BlackClub "Curragh"]
[WhiteNationality "IRL"]
[BlackNationality "IRL"]
[WhiteFideId "2502445"]
[BlackFideId "2527197"]
[PlyCount "110"]
[EventSection "2/4"]
[EventDate "2024.02.02"]

{ Event information: <a
href="https://www.irlchess.com/sligo-cship2024_allfiles/pairings_sligo-cship2024.html">Tournament
report</a>. }

1. c4 c6 2. Nc3 Nf6 3. e4 e5 4. Nf3 d6 5. g3 g6 6. Bg2 Bg7 7. O-O O-O 8. h3
Na6 9. d4 Nd7 10. Be3 Qe7 11. Qd2 Nc7 12. Bh6 f6 13. Bxg7 Qxg7 14. Rac1 Qe7
15. d5 c5 16. Nh2 f5 17. f4 Nf6 18. Rce1 Nxe4 19. Nxe4 fxe4 20. Rxe4 Bf5
21. Re3 e4 22. g4 Bd7 23. Rxe4 Qg7 24. Rfe1 Rae8 25. Rxe8 Rxe8 26. Rxe8+
Nxe8 27. Nf3 b5 28. cxb5 Bxb5 29. Ng5 Nc7 30. Ne6 Nxe6 31. dxe6 Qd4+ 32.
Qxd4 cxd4 33. Bd5 Kf8 34. Kf2 Ke7 35. b3 d3 36. Ke1 d2+ 37. Kxd2 Bf1 38. h4
Bh3 39. g5 Bxe6 40. Bxe6 Kxe6 41. b4 Kf5 42. a4 Kxf4 43. b5 Ke4 44. a5 Kd5
45. b6 axb6 46. axb6 Kc6 47. Kd3 Kxb6 48. Kd4 Kc6 49. Kc4 d5+ 50. Kd4 Kd6
51. Kd3 Ke5 52. Ke3 d4+ 53. Kd3 Kd5 54. Kd2 Ke4 55. Ke2 Kf4 0-1

[Event "Sligo Championship 2024"]
[Site "Enniscrone IRL"]
[Date "2024.02.03"]
[Round "3.7"]
[White "O'Sullivan, Aidan"]
[Black "McCarrick, Pat"]
[Result "0-1"]
[WhiteElo "1611"]
[BlackElo "1514"]
[WhiteICU "1447"]
[BlackICU "1337"]
[BlackClub "Drumlish"]
[WhiteNationality "IRL"]
[BlackNationality "IRL"]
[WhiteFideId "2512386"]
[BlackFideId "2506823"]
[PlyCount "74"]
[EventSection "2/4"]
[EventDate "2024.02.02"]

{ Event information: <a
href="https://www.irlchess.com/sligo-cship2024_allfiles/pairings_sligo-cship2024.html">Tournament
report</a>. }

1. d4 Nf6 2. c4 g6 3. Nc3 Bg7 4. e4 d6 5. Be2 O-O 6. Bg5 Nbd7 7. Nf3 c5 8.
O-O cxd4 9. Nxd4 Nc5 10. f3 Qb6 11. Bxf6 Bxf6 12. Nd5 Qxb2 13. Nxf6+ exf6
14. Rf2 Bd7 15. Bf1 Qc3 16. Kh1 Ba4 17. Nb5 Qe5 18. Qe1 a6 19. Nc7 Rac8 20.
Nd5 Rfe8 21. Rd2 f5 22. f4 Qg7 23. e5 dxe5 24. Qh4 Ne4 25. Rb2 exf4 26.
Rab1 Bc6 27. Ne7+ Rxe7 28. Qxe7 Qd4 29. Qh4 g5 30. Qh5 f6 31. Qh3 g4 32.
Qa3 f3 33. Qe7 Re8 34. Qa3 Nf2+ 35. Rxf2 Qxf2 36. g3 Re1 37. Rxe1 Qxe1 0-1

[Event "Sligo Championship 2024"]
[Site "Enniscrone IRL"]
[Date "2024.02.03"]
[Round "3.8"]
[White "Krys, Dmytro"]
[Black "McDonnell, Odhran"]
[Result "0-1"]
[WhiteElo "1541"]
[BlackElo "1742"]
[BlackICU "1609"]
[BlackClub "St. Benildus"]
[WhiteNationality "UKR"]
[BlackNationality "IRL"]
[WhiteFideId "34187480"]
[BlackFideId "2507463"]
[PlyCount "120"]
[EventSection "2/4"]
[EventDate "2024.02.02"]
[BlackFullName "McDonnell, Odhr&aacute;n"]

{ Event information: <a
href="https://www.irlchess.com/sligo-cship2024_allfiles/pairings_sligo-cship2024.html">Tournament
report</a>. }

1. e4 c6 2. d4 d5 3. e5 Bf5 4. Bd3 Bxd3 5. Qxd3 e6 6. Nf3 Nd7 7. O-O Ne7 8.
Nc3 a6 9. a3 c5 10. Be3 Nc6 11. Rfe1 Qc7 12. Qd2 h6 13. Na4 cxd4 14. Bxd4
b5 15. Nc3 Nxd4 16. Qxd4 Bc5 17. Qd2 O-O 18. Rac1 Rac8 19. Na2 Qa7 20. Nb4
Nb6 21. Nd3 Nc4 22. Qe2 Be7 23. h4 g6 24. g3 Kg7 25. Kg2 Rc7 26. Rb1 Rfc8
27. c3 Qb6 28. Nd2 Na5 29. Qe3 Qb7 30. Qe2 Nc4 31. Kg1 Nxd2 32. Qxd2 a5 33.
Qe3 Rc4 34. f3 Bd8 35. Kg2 Bb6 36. Qd2 Qc6 37. Rbc1 d4 38. Re4 dxc3 39.
Rxc4 cxd2 40. Rxc6 Rxc6 41. Rd1 Be3 42. Nf2 Rc1 43. f4 Bxf2 44. Rxd2 Bc5
45. Kf3 Re1 46. Kg2 Re3 47. Rc2 Bf8 48. Kf2 Rb3 49. Kg2 a4 50. Kf2 b4 51.
axb4 Bxb4 52. Re2 Bc5+ 53. Kg2 Bd4 54. Re4 Rxb2+ 55. Kh3 Rd2 56. f5 gxf5
57. Rf4 a3 58. g4 Bxe5 59. g5 Bxf4 60. gxh6+ Kxh6 0-1

[Event "Sligo Championship 2024"]
[Site "Enniscrone IRL"]
[Date "2024.02.03"]
[Round "3.9"]
[White "McGrath, Mark"]
[Black "Khanzharov, Edward"]
[Result "1/2-1/2"]
[WhiteElo "1714"]
[BlackElo "1548"]
[WhiteICU "1561"]
[BlackICU "1472"]
[WhiteClub "Cork"]
[BlackClub "Bangor"]
[WhiteNationality "IRL"]
[BlackNationality "IRL"]
[WhiteFideId "2519895"]
[BlackFideId "2511975"]
[PlyCount "65"]
[EventSection "2/4"]
[EventDate "2024.02.02"]

{ Event information: <a
href="https://www.irlchess.com/sligo-cship2024_allfiles/pairings_sligo-cship2024.html">Tournament
report</a>. }

1. e4 c6 2. d4 d5 3. e5 c5 4. Nf3 Nc6 5. dxc5 e6 6. a3 Qc7 7. Bb5 Bxc5 8.
b4 Bb6 9. O-O Bd7 10. Bb2 a5 11. Bxc6 Bxc6 12. c3 Ne7 13. Nbd2 O-O 14. c4
axb4 15. cxd5 Nxd5 16. Nc4 Bb5 17. Nxb6 Qxb6 18. Re1 Rfc8 19. axb4 Rxa1 20.
Bxa1 Nxb4 21. Qd6 Qxd6 22. exd6 Nd3 23. Rb1 f6 24. h3 Bc6 25. Rd1 Nc5 26.
Bc3 Rd8 27. Ba5 Rd7 28. Ne1 Kf7 29. Bb4 Na6 30. Ba3 e5 31. Nc2 Ke6 32. Nb4
Nxb4 33. Bxb4 1/2-1/2

[Event "Sligo Championship 2024"]
[Site "Enniscrone IRL"]
[Date "2024.02.03"]
[Round "3.10"]
[White "Nielsen, Robert"]
[Black "O'Shea, Niall"]
[Result "1-0"]
[WhiteElo "1506"]
[BlackElo "1709"]
[WhiteICU "1319"]
[BlackICU "1455"]
[WhiteClub "Naomh Barrog"]
[BlackClub "Drumlish"]
[WhiteNationality "IRL"]
[BlackNationality "IRL"]
[WhiteFideId "2516624"]
[BlackFideId "2505142"]
[PlyCount "59"]
[EventSection "2/4"]
[EventDate "2024.02.02"]

{ Event information: <a
href="https://www.irlchess.com/sligo-cship2024_allfiles/pairings_sligo-cship2024.html">Tournament
report</a>. }

1. e4 e6 2. d4 d5 3. e5 c5 4. c3 Nc6 5. Nf3 Qc7 6. Bd3 cxd4 7. cxd4 Bb4+ 8.
Nc3 Bxc3+ 9. bxc3 Nxd4 10. cxd4 Qc3+ 11. Qd2 Qxa1 12. O-O Bd7 13. Ba3 Qxf1+
14. Bxf1 O-O-O 15. Qc3+ Kb8 16. Bd6+ Ka8 17. Qc7 Nh6 18. g3 Bc6 19. Qa5 b6
20. Qb4 Bb7 21. a4 Nf5 22. a5 bxa5 23. Qxa5 Nxd6 24. exd6 Rhf8 25. Ba6 Rxd6
26. Bxb7+ Kxb7 27. Qb4+ Kc7 28. Qc5+ Kd7 29. Ne5+ Ke7 30. Qc7+ 1-0

[Event "Sligo Championship 2024"]
[Site "Enniscrone IRL"]
[Date "2024.02.03"]
[Round "3.11"]
[White "O'Connell, Denis"]
[Black "O'Hanlon, Joe"]
[Result "0-1"]
[WhiteElo "1652"]
[BlackElo "1592"]
[WhiteICU "1500"]
[BlackICU "1480"]
[WhiteClub "Cork"]
[BlackClub "Dundalk"]
[WhiteNationality "IRL"]
[BlackNationality "IRL"]
[WhiteFideId "2505860"]
[BlackFideId "2512157"]
[PlyCount "42"]
[EventSection "2/4"]
[EventDate "2024.02.02"]

{ Event information: <a
href="https://www.irlchess.com/sligo-cship2024_allfiles/pairings_sligo-cship2024.html">Tournament
report</a>. }

1. e4 e6 2. Nf3 d5 3. Nc3 d4 4. Ne2 c5 5. c3 Nc6 6. cxd4 Nf6 7. dxc5 Bxc5
8. Ng3 Qb6 9. d4 Nxd4 10. Nxd4 Bxd4 11. Qe2 O-O 12. Rb1 e5 13. h3 Be6 14.
b3 Rfd8 15. Qf3 Rac8 16. Bd2 Rc2 17. Bd3 Rxa2 18. Ne2 Bxf2+ 19. Kd1 Bxb3+
20. Kc1 Rc8+ 21. Bc3 Be3+ 0-1

[Event "Sligo Championship 2024"]
[Site "Enniscrone IRL"]
[Date "2024.02.03"]
[Round "3.12"]
[White "O'Rourke, Emmet"]
[Black "Salmin, Vitaliy"]
[Result "1-0"]
[WhiteElo "1711"]
[BlackElo "1570"]
[WhiteICU "1438"]
[BlackICU "1442"]
[WhiteNationality "IRL"]
[BlackNationality "RUS"]
[WhiteFideId "2521997"]
[BlackFideId "34147885"]
[PlyCount "71"]
[EventSection "2/4"]
[EventDate "2024.02.02"]

{ Event information: <a
href="https://www.irlchess.com/sligo-cship2024_allfiles/pairings_sligo-cship2024.html">Tournament
report</a>. }

1. e4 c6 2. c4 d5 3. exd5 cxd5 4. cxd5 Qxd5 5. Nc3 Qd8 6. Bc4 Nf6 7. Nf3
Nc6 8. O-O Bg4 9. Qb3 e6 10. Qxb7 Bxf3 11. gxf3 Ne5 12. Bb5+ Nfd7 13. f4
Rb8 14. Qxa7 Nf3+ 15. Kg2 Nh4+ 16. Kh1 Rxb5 17. Nxb5 Bc5 18. Qb7 O-O 19. d4
Bb6 20. Be3 f5 21. Rg1 Rf7 22. Nd6 Re7 23. Qc8 Re8 24. Rxg7+ Kxg7 25. Nxe8+
Kf8 26. Qxd8 Bxd8 27. Nd6 Nf6 28. a4 Ke7 29. Nb7 Bb6 30. b4 Nd5 31. b5 Kd7
32. a5 Kc8 33. Nc5 Ba7 34. b6 Bb8 35. b7+ Kd8 36. a6 1-0

[Event "Sligo Championship 2024"]
[Site "Enniscrone IRL"]
[Date "2024.02.03"]
[Round "3.13"]
[White "Kononova, Alina"]
[Black "McDonnell Ryan, Lorcan"]
[Result "1-0"]
[WhiteElo "1632"]
[BlackElo "1554"]
[BlackICU "1648"]
[BlackClub "Skerries"]
[WhiteNationality "UKR"]
[BlackNationality "IRL"]
[WhiteFideId "14137593"]
[BlackFideId "2522233"]
[PlyCount "91"]
[EventSection "2/4"]
[EventDate "2024.02.02"]
[BlackFullName "McDonnell Ryan, Lorc&aacute;n"]

{ Event information: <a
href="https://www.irlchess.com/sligo-cship2024_allfiles/pairings_sligo-cship2024.html">Tournament
report</a>. }

1. e4 c5 2. Nf3 d6 3. d4 cxd4 4. Nxd4 Nf6 5. Nc3 a6 6. Be2 e5 7. Nf3 Be7 8.
O-O O-O 9. h3 Be6 10. Ng5 h6 11. Nf3 b5 12. a3 Nbd7 13. Be3 Qc7 14. Rc1 Qb7
15. Nd2 Nc5 16. Bf3 Rac8 17. Qe2 Rfd8 18. Rfd1 Ncxe4 19. Ncxe4 Nxe4 20.
Nxe4 d5 21. Ng3 f5 22. Bd4 e4 23. Qe1 Bg5 24. Ra1 Rxc2 25. Bc3 Bf6 26. Bxf6
gxf6 27. Nh5 Qf7 28. Nf4 d4 29. Qa5 Rd6 30. Bh5 Qa7 31. Nxe6 d3 32. Rd2
Rxe6 33. Rxc2 dxc2 34. Qc3 e3 35. Qc8+ Kg7 36. Qxe6 exf2+ 37. Kf1 Qd4 38.
Qf7+ Kh8 39. Qe8+ Kg7 40. Qg6+ Kh8 41. Qxh6+ Kg8 42. Rc1 Qxb2 43. Bg6 Qb3
44. Qh7+ Kf8 45. Qf7+ Qxf7 46. Bxf7 1-0

[Event "Sligo Championship 2024"]
[Site "Enniscrone IRL"]
[Date "2024.02.03"]
[Round "3.14"]
[White "Hiatt, Alan P."]
[Black "Lane, Alan"]
[Result "0-1"]
[WhiteElo "1597"]
[BlackElo "1551"]
[BlackICU "1204"]
[BlackClub "St. Benildus"]
[WhiteNationality "ENG"]
[BlackNationality "IRL"]
[WhiteFideId "421081"]
[BlackFideId "368179924"]
[PlyCount "44"]
[EventSection "2/4"]
[EventDate "2024.02.02"]

{ Event information: <a
href="https://www.irlchess.com/sligo-cship2024_allfiles/pairings_sligo-cship2024.html">Tournament
report</a>. }

1. e4 d6 2. d4 f6 3. Bc4 e5 4. dxe5 fxe5 5. Nf3 Be7 6. Nc3 c6 7. Ng5 Bxg5
8. Qh5+ g6 9. Qxg5 Qxg5 10. Bxg5 h6 11. Be3 Nf6 12. f3 Ke7 13. Rd1 Be6 14.
Bxe6 Kxe6 15. Ke2 d5 16. exd5+ cxd5 17. Bf2 Rc8 18. Rd2 Nc6 19. a3 Na5 20.
Rhd1 d4 21. Ne4 Nc4 22. Nxf6 Kxf6 0-1

[Event "Sligo Championship 2024"]
[Site "Enniscrone IRL"]
[Date "2024.02.03"]
[Round "3.15"]
[White "McClatchey, Rob"]
[Black "McNamara, John J."]
[Result "1/2-1/2"]
[WhiteElo "1576"]
[BlackElo "1373"]
[WhiteNationality "ENG"]
[BlackNationality "IRL"]
[WhiteFideId "479217"]
[BlackFideId "343421962"]
[PlyCount "110"]
[EventSection "2/4"]
[EventDate "2024.02.02"]

{ Event information: <a
href="https://www.irlchess.com/sligo-cship2024_allfiles/pairings_sligo-cship2024.html">Tournament
report</a>. }

1. e4 c6 2. d4 d5 3. Nc3 dxe4 4. Nxe4 Nf6 5. Nxf6+ exf6 6. c3 Bd6 7. Bd3
O-O 8. Qc2 Re8+ 9. Ne2 h6 10. Be3 Be6 11. Ng3 Nd7 12. O-O Qc7 13. Rae1 Rad8
14. f4 Nb6 15. c4 Bf8 16. f5 Bc8 17. Ne4 Kh7 18. Rf3 Re7 19. Ref1 Nd7 20.
Bf4 Qa5 21. b3 Nb6 22. Qb2 Red7 23. Be3 Na8 24. Rh3 Kh8 25. Qc1 Rxd4 26.
Bxh6 gxh6 27. Rxh6+ Kg7 28. Rh7+ Kxh7 29. Nxf6+ Kh8 30. Qg5 Rg4 31. Qxg4
Qc5+ 32. Kh1 Bh6 33. Re1 Qf8 34. Qh5 Qg7 35. Ng4 Qg5 36. Qxh6+ Qxh6 37.
Nxh6 Rxd3 38. Nxf7+ Kg7 39. Ne5 Rd2 40. g4 Rxa2 41. h4 Kf6 42. Ng6 Bxf5 43.
gxf5 Kxf5 44. Rg1 Ra3 45. Rg3 Nc7 46. h5 Ne8 47. Nf8 Ra5 48. h6 Kf4 49. Rh3
Nf6 50. h7 Nxh7 51. Nxh7 Ra3 52. Nf6 a5 53. Kg2 a4 54. bxa4 Rxa4 55. Rc3
Ke5 1/2-1/2

[Event "Sligo Championship 2024"]
[Site "Enniscrone IRL"]
[Date "2024.02.03"]
[Round "3.17"]
[White "Ryan, Tiernan"]
[Black "Cassidy, Sydney"]
[Result "1/2-1/2"]
[WhiteElo "1527"]
[BlackElo "1581"]
[BlackICU "1371"]
[BlackClub "Gorey"]
[WhiteNationality "IRL"]
[BlackNationality "IRL"]
[WhiteFideId "2529254"]
[BlackFideId "2507226"]
[PlyCount "50"]
[EventSection "2/4"]
[EventDate "2024.02.02"]

{ Event information: <a
href="https://www.irlchess.com/sligo-cship2024_allfiles/pairings_sligo-cship2024.html">Tournament
report</a>. }

1. e4 c5 2. Nf3 d6 3. c3 Nf6 4. Be2 Nc6 5. d4 cxd4 6. cxd4 e6 7. Nc3 Be7 8.
e5 dxe5 9. dxe5 Qxd1+ 10. Bxd1 Nd7 11. Ba4 Nb4 12. O-O O-O 13. a3 Na6 14.
b4 Nb6 15. Bb3 Bd7 16. Bg5 Bxg5 17. Nxg5 Rac8 18. Rac1 Nc4 19. Bxc4 Rxc4
20. Nce4 Rxc1 21. Rxc1 h6 22. Nf3 Bc6 23. Nfd2 Rd8 24. Nd6 Rd7 25. N2c4 Bd5
1/2-1/2

[Event "Sligo Championship 2024"]
[Site "Enniscrone IRL"]
[Date "2024.02.03"]
[Round "3.18"]
[White "Sloan, Cecil"]
[Black "Arun, Rahul"]
[Result "1/2-1/2"]
[WhiteElo "1436"]
[BlackElo "1529"]
[WhiteICU "1570"]
[BlackICU "1049"]
[BlackClub "Cork"]
[WhiteNationality "USA"]
[BlackNationality "IRL"]
[WhiteFideId "2036738"]
[BlackFideId "2524210"]
[PlyCount "93"]
[EventSection "2/4"]
[EventDate "2024.02.02"]

{ Event information: <a
href="https://www.irlchess.com/sligo-cship2024_allfiles/pairings_sligo-cship2024.html">Tournament
report</a>. }

1. e4 c5 2. c3 d5 3. exd5 Qxd5 4. Nf3 Nc6 5. Be2 Nf6 6. O-O Bf5 7. d4 e6 8.
dxc5 Bxc5 9. Bg5 Ne4 10. Qxd5 exd5 11. Nbd2 Nxg5 12. Nxg5 O-O 13. Nb3 Be7
14. Nf3 Rfe8 15. Nfd4 Nxd4 16. Nxd4 Bg6 17. Rfe1 Bf6 18. Bb5 Rec8 19. Rad1
a6 20. Ba4 b5 21. Bb3 Rc5 22. Nf3 Rd8 23. Rxd5 Rcxd5 24. Bxd5 h6 25. Bc6
Kh7 26. Be4 Bxe4 27. Rxe4 b4 28. Nd4 bxc3 29. bxc3 Rc8 30. Ne2 Bxc3 31.
Nxc3 Rxc3 32. g3 Kg6 33. Ra4 Rc6 34. Kg2 f5 35. h4 Kh5 36. Ra5 Rf6 37. Kf3
g5 38. hxg5 hxg5 39. Kg2 Kg4 40. Ra4+ f4 41. f3+ Kh5 42. Kh3 fxg3 43. Kxg3
Kh6 44. Kg4 Kg6 45. Ra5 Rf4+ 46. Kg3 Rf6 47. Kg4 1/2-1/2

[Event "Sligo Championship 2024"]
[Site "Enniscrone IRL"]
[Date "2024.02.03"]
[Round "3.19"]
[White "Paibir, Atharva"]
[Black "Baird, David"]
[Result "1-0"]
[WhiteElo "1632"]
[BlackElo "1645"]
[WhiteICU "1626"]
[BlackICU "1430"]
[BlackClub "Westport"]
[WhiteNationality "IRL"]
[BlackNationality "IRL"]
[WhiteFideId "2512882"]
[BlackFideId "2507250"]
[PlyCount "105"]
[EventSection "2/4"]
[EventDate "2024.02.02"]

{ Event information: <a
href="https://www.irlchess.com/sligo-cship2024_allfiles/pairings_sligo-cship2024.html">Tournament
report</a>. }

1. d4 Nf6 2. c4 c5 3. d5 b5 4. cxb5 a6 5. bxa6 Bxa6 6. Nc3 d6 7. g3 g6 8.
Bg2 Bg7 9. Nf3 O-O 10. O-O Nbd7 11. Re1 Nb6 12. e4 Qd7 13. e5 Ng4 14. Bh3
Nxf2 15. Bxd7 Nxd1 16. Bc6 Nxc3 17. Bxa8 Ncxd5 18. Bxd5 Nxd5 19. Bd2 Bb7
20. Kf2 Bc6 21. Rac1 Rb8 22. b3 Nb4 23. Bxb4 Rxb4 24. Rc4 Rb5 25. Nd4 Rb6
26. Nxc6 Rxc6 27. exd6 exd6 28. Re8+ Bf8 29. Ra4 Kg7 30. Raa8 d5 31. Rxf8
d4 32. Rfc8 Rd6 33. Rxc5 d3 34. Ke1 Re6+ 35. Kd2 Re2+ 36. Kxd3 Rxh2 37. Ra7
Rg2 38. Rcc7 Rxg3+ 39. Ke2 h5 40. Rxf7+ Kh6 41. Rf6 h4 42. Raa6 h3 43.
Rxg6+ Rxg6 44. Rxg6+ Kxg6 45. Kf3 Kg5 46. Kg3 Kf5 47. Kxh3 Ke6 48. a4 Kd6
49. b4 Kd5 50. b5 Kc5 51. Kg4 Kb4 52. b6 Ka5 53. b7 1-0

[Event "Sligo Championship 2024"]
[Site "Enniscrone IRL"]
[Date "2024.02.04"]
[Round "5.1"]
[White "Arun, Nitish"]
[Black "Govindaraju, Darun"]
[Result "1-0"]
[WhiteElo "1556"]
[BlackElo "1683"]
[WhiteICU "1507"]
[BlackICU "1669"]
[WhiteClub "Cork"]
[BlackClub "Moate Juniors"]
[WhiteNationality "IRL"]
[BlackNationality "IRL"]
[WhiteFideId "2524201"]
[BlackFideId "2519690"]
[PlyCount "131"]
[EventSection "2/4"]
[EventDate "2024.02.02"]

{ Event information: <a
href="https://www.irlchess.com/sligo-cship2024_allfiles/pairings_sligo-cship2024.html">Tournament
report</a>. }

1. d4 Nf6 2. c4 g6 3. Nc3 Bg7 4. Nf3 O-O 5. e4 d6 6. Be2 e5 7. O-O exd4 8.
Nxd4 Re8 9. Bf3 Nbd7 10. Bf4 Nc5 11. Re1 Ne6 12. Be3 c6 13. Nxe6 Bxe6 14.
Qd3 Qa5 15. Qxd6 Rad8 16. Qc5 Qxc5 17. Bxc5 b6 18. Be3 Bxc4 19. Rad1 h6 20.
Rxd8 Rxd8 21. Rd1 Rxd1+ 22. Bxd1 Bd3 23. f3 Nd7 24. Kf2 Ne5 25. Be2 h5 26.
f4 Ng4+ 27. Bxg4 hxg4 28. e5 g5 29. Kg3 gxf4+ 30. Bxf4 Bf5 31. Nd1 f6 32.
Ne3 Be6 33. Nxg4 Bxg4 34. Kxg4 fxe5 35. Be3 c5 36. b3 Bf8 37. Kf5 Bd6 38.
Ke6 Bb8 39. h4 a5 40. a4 Kg7 41. g4 e4 42. h5 Bg3 43. Kf5 Bh4 44. Kxe4 Be7
45. g5 Bd8 46. Kf5 Be7 47. Ke6 Bf8 48. g6 b5 49. axb5 c4 50. bxc4 a4 51. b6
a3 52. b7 a2 53. b8=Q a1=Q 54. Qe5+ Qxe5+ 55. Kxe5 Be7 56. c5 Bd8 57. c6
Bc7+ 58. Ke6 Kg8 59. Kd7 Bh2 60. c7 Bxc7 61. Kxc7 Kg7 62. Kd7 Kg8 63. Bd4
Kf8 64. h6 Kg8 65. h7+ Kf8 66. h8=Q# 1-0

[Event "Sligo Championship 2024"]
[Site "Enniscrone IRL"]
[Date "2024.02.04"]
[Round "5.2"]
[White "Nikiforov, Sergey"]
[Black "McDonnell, Odhran"]
[Result "1-0"]
[WhiteElo "1840"]
[BlackElo "1742"]
[BlackICU "1609"]
[BlackClub "St. Benildus"]
[WhiteNationality "UKR"]
[BlackNationality "IRL"]
[WhiteFideId "14129086"]
[BlackFideId "2507463"]
[PlyCount "108"]
[EventSection "2/4"]
[EventDate "2024.02.02"]
[BlackFullName "McDonnell, Odhr&aacute;n"]

{ Event information: <a
href="https://www.irlchess.com/sligo-cship2024_allfiles/pairings_sligo-cship2024.html">Tournament
report</a>. }

1. e4 c6 2. d3 d5 3. Nd2 e5 4. Ngf3 Bd6 5. g3 Nf6 6. Bg2 O-O 7. O-O Re8 8.
Re1 Nbd7 9. Nf1 d4 10. Bh3 Nf8 11. Bxc8 Rxc8 12. Bg5 h6 13. Bxf6 Qxf6 14.
h4 Qg6 15. Kh1 Nd7 16. N1h2 Nf6 17. Qe2 Ng4 18. Nxg4 Qxg4 19. Kh2 Rf8 20.
Nxd4 Qxe2 21. Nxe2 f5 22. Kg2 Bc5 23. f3 Rcd8 24. Rad1 g6 25. Rf1 Be3 26.
exf5 gxf5 27. g4 Kf7 28. Ng3 fxg4 29. fxg4+ Kg6 30. Nf5 Bf4 31. h5+ Kg5 32.
Kh3 Rf7 33. Rde1 a6 34. Nh4 Kf6 35. Ng6 Kg7 36. Nxe5 Bxe5 37. Rxf7+ Kxf7
38. Rxe5 Kf6 39. Rf5+ Ke6 40. Kg3 Rd4 41. Rf8 Rd6 42. Rh8 Ke5 43. Rb8 Rd7
44. Re8+ Kd5 45. Rh8 Rd6 46. Rg8 Ke5 47. Kh4 Rf6 48. g5 Rf4+ 49. Kg3 hxg5
50. Rxg5+ Rf5 51. Rxf5+ Kxf5 52. Kh4 a5 53. a4 b5 54. b3 Ke5 1-0

[Event "Sligo Championship 2024"]
[Site "Enniscrone IRL"]
[Date "2024.02.04"]
[Round "5.3"]
[White "O'Rourke, Emmet"]
[Black "Campbell, Andrew"]
[Result "0-1"]
[WhiteElo "1711"]
[BlackElo "1600"]
[WhiteICU "1438"]
[WhiteNationality "IRL"]
[BlackNationality "IRL"]
[WhiteFideId "2521997"]
[BlackFideId "2518392"]
[PlyCount "56"]
[EventSection "2/4"]
[EventDate "2024.02.02"]

{ Event information: <a
href="https://www.irlchess.com/sligo-cship2024_allfiles/pairings_sligo-cship2024.html">Tournament
report</a>. }

1. e4 d6 2. d4 Nf6 3. Nc3 g6 4. f3 c6 5. Be3 b5 6. g4 b4 7. Nce2 Qa5 8. Qd2
c5 9. Nc1 Nbd7 10. Nb3 Qc7 11. dxc5 dxc5 12. Bb5 Rb8 13. Ba4 e5 14. c4 bxc3
15. Qxc3 c4 16. Nd2 Bb4 17. Qc2 O-O 18. b3 Nc5 19. Bxc5 Qxc5 20. Kf1 Qd4
21. Rd1 Rd8 22. Ne2 Qe3 23. Ke1 Nxg4 24. fxg4 Bxg4 25. Qxc4 Bxd2+ 26. Rxd2
Rxd2 27. Bb5 Rxb5 28. Qc8+ Bxc8 0-1